<?xml version="1.0" encoding="UTF-8"?>
<record
    xmlns:xsi="http://www.w3.org/2001/XMLSchema-instance"
    xsi:schemaLocation="http://www.loc.gov/MARC21/slim http://www.loc.gov/standards/marcxml/schema/MARC21slim.xsd"
    xmlns="http://www.loc.gov/MARC21/slim">

  <leader>01299nam a2200289 i 4500</leader>
  <controlfield tag="003">DO-SdBNP</controlfield>
  <controlfield tag="005">20240304085053.0</controlfield>
  <controlfield tag="007">ta</controlfield>
  <controlfield tag="008">240304s2004    dr ad         000 0 spa d</controlfield>
  <datafield tag="020" ind1=" " ind2=" ">
    <subfield code="a">8482615726</subfield>
  </datafield>
  <datafield tag="040" ind1=" " ind2=" ">
    <subfield code="a">DO-SdBNP</subfield>
    <subfield code="b">spa</subfield>
    <subfield code="c">BNPHU</subfield>
    <subfield code="e">rda</subfield>
  </datafield>
  <datafield tag="082" ind1=" " ind2=" ">
    <subfield code="2">22</subfield>
    <subfield code="b">M722</subfield>
  </datafield>
  <datafield tag="100" ind1=" " ind2=" ">
    <subfield code="a">Molina, Cristina</subfield>
    <subfield code="9">37120</subfield>
  </datafield>
  <datafield tag="245" ind1="1" ind2="0">
    <subfield code="a">Aprendo matem&#xE1;ticas :</subfield>
    <subfield code="b">para ni&#xF1;os y ni&#xF1;as de 4 a&#xF1;os /</subfield>
    <subfield code="c">Cristina Molina ; ilustraciones Ruddy N&#xFA;&#xF1;ez </subfield>
  </datafield>
  <datafield tag="260" ind1=" " ind2=" ">
    <subfield code="c">.</subfield>
  </datafield>
  <datafield tag="264" ind1=" " ind2="1">
    <subfield code="a">Santo Domingo :</subfield>
    <subfield code="b">Santillana,</subfield>
    <subfield code="c">2004.</subfield>
  </datafield>
  <datafield tag="300" ind1=" " ind2=" ">
    <subfield code="a">71 p&#xE1;ginas</subfield>
    <subfield code="b">ilustraciones</subfield>
    <subfield code="c">27 cm.</subfield>
  </datafield>
  <datafield tag="336" ind1=" " ind2=" ">
    <subfield code="2">rdacontet</subfield>
    <subfield code="a">texto</subfield>
    <subfield code="b">txt</subfield>
  </datafield>
  <datafield tag="337" ind1=" " ind2=" ">
    <subfield code="2">rdamedia</subfield>
    <subfield code="a">sin mediaci&#xF3;n</subfield>
    <subfield code="b">n</subfield>
  </datafield>
  <datafield tag="338" ind1=" " ind2=" ">
    <subfield code="2">rdacarrier</subfield>
    <subfield code="a">volumen</subfield>
    <subfield code="b">nc</subfield>
  </datafield>
  <datafield tag="500" ind1=" " ind2=" ">
    <subfield code="a">4 a&#xF1;os</subfield>
  </datafield>
  <datafield tag="505" ind1="0" ind2=" ">
    <subfield code="a">v. 1</subfield>
    <subfield code="g">unidad 1 --</subfield>
    <subfield code="t">Introducci&#xF3;n a la l&#xF3;gica --</subfield>
    <subfield code="g">unidad 2 --</subfield>
    <subfield code="t">Lenguaje conjuntista y codificaci&#xF3;n --</subfield>
    <subfield code="g">unidad 3 --</subfield>
    <subfield code="t">Estad&#xED;stica --</subfield>
    <subfield code="g">unidad 4 --</subfield>
    <subfield code="t">Introducci&#xF3;n al &#xE1;lgebra --</subfield>
    <subfield code="g">unidad 5 --</subfield>
    <subfield code="t">Descomposici&#xF3;n factorial --</subfield>
    <subfield code="g">unidad 6 --</subfield>
    <subfield code="t">Ecuaciones de primer grado --</subfield>
    <subfield code="g">unidad 7 --</subfield>
    <subfield code="t">Desigualdades, inecuaci&#xF3;n y valor absoluto --</subfield>
    <subfield code="g">unidad 8 --</subfield>
    <subfield code="t">Introducci&#xF3;n a la geometr&#xED;a --</subfield>
    <subfield code="g">unidad 9 --</subfield>
    <subfield code="t">Los n&#xFA;meros complejos --</subfield>
    <subfield code="g">unidad 10 --</subfield>
    <subfield code="t">Probabilidades --</subfield>
  </datafield>
  <datafield tag="590" ind1=" " ind2=" ">
    <subfield code="a">Inventariado, 2024/ YL</subfield>
  </datafield>
  <datafield tag="700" ind1="1" ind2=" ">
    <subfield code="a">N&#xFA;&#xF1;ez, Ruddy</subfield>
    <subfield code="e">ilustraciones</subfield>
    <subfield code="9">1263</subfield>
  </datafield>
  <datafield tag="910" ind1=" " ind2=" ">
    <subfield code="a">YLockward</subfield>
  </datafield>
  <datafield tag="942" ind1=" " ind2=" ">
    <subfield code="2">ddc</subfield>
    <subfield code="c">LBS1</subfield>
  </datafield>
  <datafield tag="952" ind1=" " ind2=" ">
    <subfield code="0">0</subfield>
    <subfield code="1">0</subfield>
    <subfield code="2">ddc</subfield>
    <subfield code="5">1</subfield>
    <subfield code="7">0</subfield>
    <subfield code="8">CIJ-PD</subfield>
    <subfield code="a">BNPHU</subfield>
    <subfield code="b">BNPHU</subfield>
    <subfield code="c">CT</subfield>
    <subfield code="d">2023-08-15</subfield>
    <subfield code="e">Donado por Isabel Medina</subfield>
    <subfield code="l">0</subfield>
    <subfield code="o">BNPHU CIJ-PD M722</subfield>
    <subfield code="p">2024-1233</subfield>
    <subfield code="r">2024-03-04</subfield>
    <subfield code="w">2024-03-04</subfield>
    <subfield code="y">LBS1</subfield>
  </datafield>
  <datafield tag="999" ind1=" " ind2=" ">
    <subfield code="c">56022</subfield>
    <subfield code="d">56022</subfield>
  </datafield>
</record>
